01277nam a2200301 a 4500001001000000003000500010005001700015008004100032010001100073011001100084040000900095082001700104245014700121260012100268300001700389590004000406650003600446650004900482650002400531650003500555700005700590901000700647942001000654942000600664999001900670952015400689952013200843000109951CHAP20231002133725.0140613s2010 mx a |r| |||||||spa d a106413 a107385 cCHAP04a371.144bE9200aEvaluación docente del proceso enseñanza aprendizaje en el departamento de irrigación /ccoordinado por Ma. Magdalena Sánchez Astello. a[Chapingo, Méx.] :bUACH. Departamento de Irrigación. Coordinación de Acreditación y Mejora Continua,c2010. a69 p. :bil. aE6096MTMb05c20140613lUCH01h111714aAprendizajexEvaluación9637114aEducación agrícolaxEvaluación.93551814aEnseñanza.93708514aMaestrosxEvaluación.9697550 aSánchez Astello, María Magdalenaecoord.9107340 aBK cLIBRO n0 c106413d106413 00102ddc4052708GRALaBCbBCcPA_GRALd2014-06-13fLIBROl1o371.144 E92p33724002388777r2024-06-11 00:00:00s2024-05-31tc.2w2019-12-31yLIBRO 00104051708UACHaBCbBCcPA_UACHd2014-06-13fLIBROl0o371.144 E92p33724002388736r2019-12-31 00:00:00w2014-06-13yLIBRO